国鉄特急の列車愛称(1967年10月) - Statistics

General Stats
  • This quiz has been taken 39 times
  • The average score is 24 of 40
Answer Stats
始発・終着駅 列車名 % Correct
上野 新潟 とき
97%
東京 新大阪など 新幹線 こだま
93%
東京 新大阪・名古屋 超特急 ひかり
93%
東京 長崎・佐世保 さくら
90%
東京 西鹿児島 熊本経由 はやぶさ
87%
新宿 松本 あずさ
83%
東京 熊本 みずほ
80%
名古屋・新宮・白浜 天王寺 くろしお
80%
大阪 富山 雷鳥
80%
名古屋 熊本 つばめ
77%
上野 長野 あさま
77%
函館 釧路 おおぞら
77%
東京 西鹿児島 大分経由 富士
73%
函館 旭川 東室蘭経由 北斗
73%
大阪 青森 白鳥
70%
上野 金沢 はくたか
70%
上野 秋田 山形経由 つばさ
70%
京都 西鹿児島・宮崎 かもめ
67%
新大阪 西鹿児島・長崎 あかつき
63%
上野 盛岡 やまびこ
63%
東京 博多 あさかぜ
60%
名古屋 富山 しらさぎ
57%
新大阪 博多 はと
53%
京都 博多 福知山経由 まつかぜ
53%
新大阪 大分 みどり
50%
新大阪 浜田 福知山経由 やくも
50%
上野 青森 東北夜行 はくつる
50%
上野 青森 常磐夜行 ゆうづる
50%
上野 青森 常磐昼行 はつかり
50%
門司港 西鹿児島 有明
47%
函館 網走・釧路 おおとり
37%
新大阪 広島 しおかぜ
33%
大阪 宇野 うずしお
33%
上野 仙台 ひばり
33%
大阪 佐世保・宮崎 直方経由 いそかぜ
30%
上野 山形・会津若松 やまばと
30%
函館 旭川 倶知安経由 北海
27%
新大阪 下関 しおじ
20%
新大阪 博多 月光
20%
新大阪 宇野 ゆうなぎ
7%
No matching quizzes found
Score Distribution
Percent of People with Each Score
Percentile by Number Answered
Your Score History
You have not taken this quiz